Flagi Państw z Orłami - Kartkówka Obrazkowy - Statystyki

Ogólne statystyki
  • Ten quiz został rozwiązany 1 829 razy
  • Średni wynik to 5 z 9
Statystyki odpowiedzi
kraj % Poprawnych
Albania
87%
Meksyk
74%
Egipt
70%
Moldawia
62%
Serbia
51%
Czarnogóra
44%
Kazachstan
32%
Zambia
21%
Zimbabwe
18%
Nie znaleziono quizów pasujących do podanych kryteriów
Rozkład punktacji
Procent ludzi z każdym wynikiem
Percentyl według liczby udzielonych odpowiedzi
Twoja historia wyników
Nie rozwiązałeś tego quizu